| 000 | 01359nam a22004095i 4500 | ||
|---|---|---|---|
| 999 |
_c16724 _d16724 |
||
| 001 | 21717329 | ||
| 003 | OSt | ||
| 005 | 20220311151929.0 | ||
| 008 | 200914s2021 cau 000 0 eng | ||
| 010 | _a 2020946000 | ||
| 020 |
_a9781529729627 _q(paperback) |
||
| 020 |
_a9781529729634 _q(hardcover) |
||
| 020 |
_z9781529758597 _q(epub) |
||
| 020 |
_z9781529758603 _q(epub) |
||
| 020 |
_z9781529758610 _q(pdf) |
||
| 040 |
_aDLC _beng _erda _cDLC |
||
| 042 | _apcc | ||
| 082 |
_22021 _aDC 370.72 _bR311 |
||
| 245 | 0 | 0 |
_aResearch methods and methodologies in education/ _cEdited by Robert Coe, Michael Waring, Larry V Hedges, Laura Day Ashley. |
| 250 | _aThird edition | ||
| 263 | _a2104 | ||
| 264 | 1 |
_aThousand Oaks: _bSAGE Publications, _c©2021. |
|
| 300 |
_avi, 428 pages: _billustrations; _c23 cm. |
||
| 336 |
_atext _btxt _2rdacontent |
||
| 337 |
_aunmediated _bn _2rdamedia |
||
| 338 |
_avolume _bnc _2rdacarrier |
||
| 500 | _aIncludes index. | ||
| 650 |
_a Education -- Research -- Methodology _944710 |
||
| 650 |
_aEducation research _944711 |
||
| 700 | 1 |
_aCoe, Robert, _eeditor. _944712 |
|
| 700 | 1 |
_aWaring, Michael, _eeditor. _944713 |
|
| 700 | 1 |
_aHedges, Larry V, _eeditor. _944714 |
|
| 700 | 1 |
_aAshley, Laura Day, _eeditor. _944715 |
|
| 906 |
_a0 _bibc _corignew _d2 _eepcn _f20 _gy-gencatlg |
||
| 942 |
_2ddc _cDC |
||